| 000 | 00000nam##2200000za#4500 |
| 001 | 9.641821 |
| 003 | CaOODSP |
| 005 | 20210624223413 |
| 007 | cr ||||||||||| |
| 008 | 150407|1999||||xxc|||||o f|0| 0 fre|d |
| 040 | |aCaOODSP|bfre |
| 043 | |an-cn--- |
| 086 | 1 |aRH64-35/1999F-PDF |
| 110 | 1 |aCanada.|bDéveloppement des ressources humaines Canada. |bPolitique stratégique. |
| 245 | 10|aInitiatives stratégiques - évaluation sommative des Services d'orientation professionnelle-Saskatchewan / |h[ressource électronique]|c[par] Évaluation et d'éveloppement des données. |
| 260 | |aOttawa - Ontario : |bDéveloppement des ressources humaines Canada. |cMars 1999. |
| 300 | |a60p.|bfigure, tableaux |
| 504 | |aBibliographie. |
| 590 | |a13-12-Supp|b2013-05-10 |
| 691 | 07|aDéveloppement professionnel|2gcpds |
| 691 | 07|aProgramme fédéral|2gcpds |
| 775 | 08|tStrategic initiatives - summative evaluation of Career Services - Saskatchewan / |w(CaOODSP)9.697776 |
| 856 | 40|ahttp://publications.gc.ca|qPDF|s288 Ko|uhttps://publications.gc.ca/collections/collection_2013/rhdcc-hrsdc/RH64-35-1999-fra.pdf |
| 986 | |aSP-AH099-03-99F |